| 000 | 01337cam a2200181 4500500 | ||
|---|---|---|---|
| 005 | 20251228095136.0 | ||
| 041 | _afre | ||
| 042 | _adc | ||
| 100 | 1 | 0 |
_aSamama, Guy _eauthor |
| 245 | 0 | 0 | _aRemède sans remèdes. Entre rationalisme et irrationalisme |
| 260 | _c2022. | ||
| 500 | _a16 | ||
| 520 | _aLe remède est sans doute en grande partie une sorte de néant ontologique, c’est-à-dire un produit de l’imagination, de la croyance ou de l’autosuggestion, autant de termes différents pour désigner une même irréalité. S’y profile en filigrane la question de la rationalité de la médecine. | ||
| 520 | _aIn the main, remedies are probably a form of ontological nothingness, i.e. the fruit of imagination, belief or autosuggestion – these terms all pointing to the same lack of reality. This implicitely raises the question of how rational medicine really is. | ||
| 520 | _aO remédio é sem dúvida, em larga medida, uma espécie de nada ontológico, ou seja, um produto da imaginação, da crença ou da autossugestão : termos que apontam para uma mesma irrealidade e dos quais sobressai, em filigrana, o problema da racionalidade da medicina. | ||
| 786 | 0 | _nSigila | 49 | 1 | 2022-07-04 | p. 23-34 | 1286-1715 | |
| 856 | 4 | 1 | _uhttps://shs.cairn.info/revue-sigila-2022-1-page-23?lang=fr&redirect-ssocas=7080 |
| 999 |
_c1605652 _d1605652 |
||